Evaluating the Financial Performance of Enterprises in the Space Using Mathematical and Statistical Methods of Multi-criteria Evaluation

Finančná analýza podnikov pomocou metódy hodnotenia viacerých kritérií v priestore. Ukazovatele výkonnosti na meranie výkonnosti podniku.

Gespeichert in:
Bibliographische Detailangaben
1. Verfasser: Lukáč, Jozef, 1991-
Format: Buchkapitel
Sprache:Englisch
Schlagworte:
Tags: Tag hinzufügen
Keine Tags, Fügen Sie das erste Tag hinzu!

MARC

LEADER 00000naa a2200000 4500
001 0238247
005 20240502073844.7
041 0 |a eng 
044 |a SK 
245 1 0 |a Evaluating the Financial Performance of Enterprises in the Space Using Mathematical and Statistical Methods of Multi-criteria Evaluation  |c Jozef Lukáč 
520 |a Finančná analýza podnikov pomocou metódy hodnotenia viacerých kritérií v priestore. Ukazovatele výkonnosti na meranie výkonnosti podniku. 
610 2 0 |a situácia finančná podniku 
610 2 0 |a výkonnosť podniku 
610 2 0 |a meranie výkonnosti 
610 2 0 |a ukazovatele výkonnosti 
610 2 0 |a metódy štatistické 
610 2 0 |a metódy štatistické viacrozmerné 
100 1 |a Lukáč, Jozef, 1991-